| 000 | 00884nac a22002777a 4500 | ||
|---|---|---|---|
| 001 | BR9603941 | ||
| 003 | BR-BrBNA | ||
| 005 | 20240105121759.0 | ||
| 008 | 230509b bl.|||m| |||| 00| 0 por d | ||
| 040 |
_aBR-BrBNA _bpor _cBiblioteca Nacional de Agricultura |
||
| 072 | _aF06; N20 | ||
| 090 | _aF06 BR9603941 | ||
| 100 | 1 | _aOliveira, R.A. de | |
| 100 | 1 | _aRamos, M.M. | |
| 100 | 1 | _aSoares, A.A. | |
| 100 | 1 | _aDeniculi, W. | |
| 110 | 1 |
_aAssociacao dos Engenheiros Agricolas de Minas Gerais, Vicosa (Brasil) _9584 |
|
| 245 | 1 | _aDistribuicao de gotas, por tamanho, de um aspersor fixo | |
| 260 | 3 |
_aVicosa, MG (Brasil): _c1992. |
|
| 300 | _a13 p. | ||
| 490 |
_aEngenharia na Agricultura. Serie Irrigacao e Drenagem (Brazil) _vv. 1(12) _x |
||
| 500 | _aSummaries (En, Pt) | ||
| 650 | _aAspersor | ||
| 909 |
_a202312 _bLúcia Elande _c55 _dLúcia Elande |
||
| 942 |
_2AGRIS _n0 _cMS |
||
| 999 |
_c287402 _d287402 |
||